Datum a čas kvízu
33
Celkem bodů
Celkový počet nahraných bodů na tomto kvízu bez doplňovacích otázek.
1.
Pořadí na kvízu
Konečné umístění týmu na tomto kvízu.
Zaznamenané odpovědi
| # | Otázka | Odpověď | Body | Výsledky |
|---|---|---|---|---|
| 1. | Muž jménem Martin Vondrášek se... | policejní prezident | 1 | |
| 2. | Ve které evropské zemi začaly... | v Maďarsku | 1 | |
| 3. | Který 67letý americký herec ve... | Bruce Willis | 1 | |
| 4. | Česká technologie S.A.W.E.R. v... | vodu (z pouštního vzduchu) | 1 | |
| 5. | Jak se jmenuje nová světová je... | Iga Świąteková | 0 | |
| 6. | Operace Seelöwe, v češtině tak... | o Velkou Británii | 0 | |
| 7. | Desková hra Krycí jména vydaná... | Mindok | 0 | |
| 8. | Od 29. prosince 1941 do 18. če... | Jan Kubiš a Jozef Gabčík | 1 | |
| 9. | Krycí jméno U.N.C.L.E. je film... | Alicia Vikander, Švédsko | 1 | |
| 10. | Richard Bachman je pseudonym z... | Stephen King | 1 |